STUDY of forest non-forest interface typology of fragmentation of tropical forest : catalogue

Bibliographic Details
Format: Book
Published: Luxembourg : European Commission , 1995
Series:Trees series B; research report no. 2
Subjects:

MARC

LEADER 00000cam a2200000 7i4500
001 0000002521
005 20030716.0
090 0 0 |a 333.7511   |b STU 1995 
245 0 0 |a STUDY of forest non-forest interface typology of fragmentation of tropical forest :   |b catalogue 
260 0 0 |a Luxembourg :   |b European Commission ,   |c 1995 
300 |a 77 p. :   |b col. ill. ;   |c 30 cm. 
440 0 0 |a Trees series B; research report no. 2 
650 0 0 |a Aerial photography in forestry   |x Catalogues 
650 0 0 |a Forest surveys   |x Catalogues 
650 0 0 |a Photographic interpretation 
745 0 0 |a Trees: tropical environment observations by satellites 
998 |a JPSM 
999 |a 0000004626   |b Monograph   |c Open Shelf   |e Default branch